000 00287nam a22001217a 4500
020 _a9788189401324
082 _a624.18341
_bSUS/TR
100 _aSushil Kumar
_9167
245 _aTreasure of RCC Design
260 _aNew Delhi
_bStandard Book House
_c2012
300 _a1115
942 _cBK
999 _c14140
_d14140